The mighty restrained (Record no. 63086)

MARC details
000 -LEADER
fixed length control field 00631cam a2200241 4500
001 - CONTROL NUMBER
control field ABS62101
008 - FIXED-LENGTH DATA ELEMENTS--GENERAL INFORMATION
fixed length control field 000000n2000 000 0 eng u
035 ## - SYSTEM CONTROL NUMBER
System control number (Sirsi) u105191
100 ## - MAIN ENTRY--PERSONAL NAME
Personal name Shaw, R.
245 #4 - TITLE STATEMENT
Title The mighty restrained
260 ## - PUBLICATION, DISTRIBUTION, ETC.
Date of publication, distribution, etc. 2000
490 ## - SERIES STATEMENT
Series statement Estates Gazette
Volume/sequential designation (0013) 1 April 2000, 184-185(2)
520 ## - SUMMARY, ETC.
Summary, etc. Reports on the issues raised by the Competition Act 1998 for the property world.
590 ## - LOCAL NOTE (RLIN)
Local note ABS
650 ## - SUBJECT ADDED ENTRY--TOPICAL TERM
Topical term or geographic name entry element COMPETITION ACT 1998
650 ## - SUBJECT ADDED ENTRY--TOPICAL TERM
Topical term or geographic name entry element OFT
650 ## - SUBJECT ADDED ENTRY--TOPICAL TERM
Topical term or geographic name entry element OFT
650 ## - SUBJECT ADDED ENTRY--TOPICAL TERM
Topical term or geographic name entry element COMPETITION
650 ## - SUBJECT ADDED ENTRY--TOPICAL TERM
Topical term or geographic name entry element PROPERTY SECTOR
690 ## - LOCAL SUBJECT ADDED ENTRY--TOPICAL TERM (OCLC, RLIN)
Topical term or geographic name as entry element LAW
700 ## - ADDED ENTRY--PERSONAL NAME
Personal name Thompson, E.
942 ## - ADDED ENTRY ELEMENTS (KOHA)
Suppress in OPAC 0
Holdings
Withdrawn status Lost status Source of classification or shelving scheme Damaged status Not for loan Home library Current library Shelving location Date acquired Total Checkouts Full call number Barcode Date last seen Copy number Price effective from Koha item type
    Dewey Decimal Classification     London London Journal article 04/04/2000   ABS62101 105191-1001 06/08/2019 1 06/08/2019 Journal article